banner koha

Foliar plasticity of Erythroxylum tortuosum (Erythroxylaceae) in the Cerrado: a representative neotropical genus with medicinal importance (Registro n. 339967)

MARC details
000 -LÍDER
fixed length control field 04333nab a2200277 i 4500
003 - CÓDIGO MARC DA AGÊNCIA CATALOGADORA
Campo de controle BR-BrBNA
005 - DATA E HORA DA ÚLTIMA ATUALIZAÇÃO
Campo de controle 20260129173322.0
008 - CAMPO DE TAMANHO FIXO
fixed length control field 260129b2024 bl.ar|pooa||| 00| 0 eng |
040 ## - FONTE DA CATALOGAÇÃO
Agência catalogadora BR-BrBNA
Idioma da catalogação eng
072 ## - CATEGORIA AGRIS
Código AGRIS F50
100 ## - ENTRADA PRINCIPAL - NOME PESSOAL
Nome pessoal Dias, Mariana Virginia de Freitas
100 ## - ENTRADA PRINCIPAL - NOME PESSOAL
Nome pessoal Silva-Sene, André Maciel da
100 ## - ENTRADA PRINCIPAL - NOME PESSOAL
Nome pessoal Gavilanes, Manuel Losada
100 ## - ENTRADA PRINCIPAL - NOME PESSOAL
Nome pessoal Lira, Marinês Ferreira Pires
245 ## - TÍTULO PRINCIPAL
Título principal Foliar plasticity of Erythroxylum tortuosum (Erythroxylaceae) in the Cerrado: a representative neotropical genus with medicinal importance
500 ## - NOTA GERAL
Nota geral Publicação on-line; Bibliography p. 9-12 (62 ref.); 3 tables; 4 illus.; Summaries (En, Pt)
942 ## - ADDED ENTRY ELEMENTS (KOHA)
Koha item type Analítica
520 ## - NOTA DE RESUMO
Nota de conteúdo <br/><br/>Abstract<br/><br/>Erythroxylum is common in the Brazilian Cerrado. Species from this genus have ecological, pharmacological<br/>and popular medical importance. Based on this information, the aims of this study was to perform a descriptive<br/>and quantitative morphoanatomical study of Erythroxylum tortuosum leaves present in two environments:<br/>cerradosensu stricto and campo rupestre. To carry out these studies, 24 fully developed leaves were collected<br/>and fixed from individuals across both environments. For the quantitative anatomy study, the following<br/>measurements were made: leaf area, length, width and mass; stomatal density; polar and equatorial diameter<br/>of the stomata; thickness of the leaf blade, mesophyll, epidermis and cuticles on the adaxial and abaxial<br/>surfaces; and thickness of the spongy and palisade parenchyma; specific leaf area, leaf mass area and foliar<br/>tissue density. This species shows a bald and uniseriate epidermis when viewed in cross section. Stomata<br/>are paracytic and occur only on abaxial surfaces. The mesophyll is dorsiventral type, with a dense vascular<br/>system, and the vascular bundle is collateral type. The general pattern of the veins is pinnate camptodrome<br/>and brochidodrome, with dense veins and pseudosecondary ribs. Significant differences were found for almost<br/>all analysed variables, suggesting that different environmental conditions may influence plant development.<br/><br/>Key words: ecological anatomy, medicinal plants, mercúrio-do-campo, plant anatomy, plant morphology.<br/><br/><br/><br/><br/><br/>Resumo<br/><br/>Erythroxylum é um gênero bastante comum nos Cerrados Brasileiros. Espécies deste gênero possuem<br/>grande importância ecológica, farmacológica e na medicina popular. Baseado nestas informações, o objetivo<br/>deste trabalho foi realizar um estudo morfoanatômico descritivo e quantitativo das folhas de Erythroxylum<br/>tortuosum presentes em duas fitofisionomias: cerrado stricto sensu e campo rupestre. Para a realização dos<br/>estudos, 24 folhas completamente expandidas foram coletadas e fixadas de indivíduos presentes nos dois<br/>ambientes. Para o estudo da anatomia quantitativa, as seguintes medidas foram obtidas: área foliar, largura,<br/>comprimento e massa foliar; densidade estomática, diâmetro polar e equatorial do estômato; espessura da<br/>lâmina foliar, mesofilo, epiderme e cutícula das faces adaxial e abaxial; e espessura do parênquima paliçádico<br/>e esponjoso; área foliar específica, área de massa foliar e densidade dos tecidos foliares. Esta espécie apresenta<br/>epiderme glabra e unisseriada, quando vista em secção transversal. Os estômatos são paracíticos e ocorrem<br/>apenas na face abaxial. O mesofilo é dorsiventral, com um sistema vascular denso e feixe vascular é do tipo<br/>colateral. O padrão geral da venação é pinada, camptódroma e broquidódroma, com veias densas e nervuras<br/>pseudosecundárias. Diferenças significativas foram encontradas em quase todas as variáveis analisadas,<br/>sugerindo que condições ambientais diferentes podem influenciar o desenvolvimento da planta.<br/><br/>Palavras-chave: anatomia ecológica, plantas medicinais, mercúrio-do-campo, anatomia vegetal, morfologia<br/>vegetal
650 ## - ASSUNTO - THESAGRO
Cabeçalho tópico ou nome geográfico ANATOMIA VEGETAL
650 ## - ASSUNTO - THESAGRO
Cabeçalho tópico ou nome geográfico PLANTA MEDICINAL
650 ## - ASSUNTO - THESAGRO
Cabeçalho tópico ou nome geográfico MORFOLOGIA VEGETAL
650 ## - ASSUNTO - THESAGRO
Cabeçalho tópico ou nome geográfico ERYTHROXYLACEAE
773 0# - ENTRADA ANALÍTICA
Host Biblionumber 709
Registro do item 359346
Imprenta Rio de Janeiro-RJ Jardim Botanico do Rio de Janeiro 1935
Outro identificador 2025-7320
Título Rodriguésia (Brazil)
ISSN 0370-6583; 2175-7860 on-line
Colação v. 75 p. 1-12; (2024)
Número de controle de registro BR2025007459
856 ## - ACESSO E ENDEREÇO ELETRÔNICO
Identificador uniforme de recurso - URI https://www.scielo.br/j/rod/a/rDX4xjsZbwsZxMfcwhNBJXC/?format=pdf&lang=en

Nenhum exemplar disponível.

BINAGRI

Telefone: (61)3218-2567/2388/3357/2097 - binagri@agro.gov.br

Ministério da Agricultura e Pecuária , Esplanada dos Ministérios, Bloco D, Anexo B, Brasília/DF, CEP: 70.043-900